Sports Quiz

Random Sports Quiz

Cheltenham Festival Winners 2011 Quiz Stats

Quiz not verified by Sporcle

Challenge
Share
Tweet
Embed
Score 0/27 Timer 15:00
0 Plays Today
Race Winner % Correct
Gold CupLong Run
91.7%
Champion HurdleHurricane Fly
90%
World HurdleBig Buck's
89.2%
Mares' HurdleQuevega
86.7%
Supreme Novices' HurdleAl Ferof
80.8%
Queen Mother Champion ChaseSizing Europe
80%
ArkleCaptain Chris
67.5%
Ryanair ChaseAlbertas Run
65%
Albert Bartlett Novices' HurdleBobs Worth
63.3%
Triumph HurdleZarkandar
60.8%
Champion BumperCheltenian
55%
Neptune Investment Management Novices' HurdleFirst Lieutenant
53.3%
RSABostons Angel
53.3%
Glenfarclas Cross Country ChaseSizing Australia
51.7%
Race Winner % Correct
Jewson Novices' ChaseNoble Prince
47.5%
Pertemps FinalBuena Vista
46.7%
National Hunt Chase Challenge CupChicago Grey
45.8%
Martin Pipe Conditional Jockeys' Handicap HurdleSir Des Champs
43.3%
Stewart Family Spinal Research Handicap ChaseBensalem
42.5%
Centenary Novices' Handicap ChaseDivers
40.8%
Kim Muir Challenge CupJunior
40.8%
County Handicap HurdleFinal Approach
35.8%
Coral CupCarlito Brigante
34.2%
FoxhuntersZemsky
33.3%
Grand Annual ChaseOiseau De Nuit
33.3%
Fred Winter Juvenile HurdleWhat A Charm
31.7%
Byrne Group PlateHolmwood Legend
25.8%

You're not logged in!

Compare scores with friends on all Sporcle quizzes.
Sign Up with Email
OR
Log In

You Might Also Like...

Show Comments

Extras

Top Quizzes Today


Score Distribution

Your Account Isn't Verified!

In order to create a playlist on Sporcle, you need to verify the email address you used during registration. Go to your Sporcle Settings to finish the process.

Report this User

Report this user for behavior that violates our Community Guidelines.

Details: